Dinámica de los grupos en acción
Sparad:
| Huvudupphovsman: | |
|---|---|
| Materialtyp: | Bok |
| Språk: | spanska |
| Publicerad: |
Buenos Aires
Escuela
1964
|
| Ämnen: | |
| Taggar: |
Lägg till en tagg
Inga taggar, Lägg till första taggen!
|
MARC
| LEADER | 00000nam a2200000 a 4500 | ||
|---|---|---|---|
| 001 | UCQ0464 | ||
| 003 | CL-VaPUC | ||
| 008 | 980627e19640000AG |||||||||||||||||spa|d | ||
| 082 | 0 | 4 | |a 302.3 |b THE |2 21 |
| 100 | 0 | |a Thelen, Herbert A |e author |9 413720 | |
| 245 | 1 | 0 | |a Dinámica de los grupos en acción |
| 300 | |a 315 p | ||
| 942 | |c BK | ||
| 945 | |d 19980627 00:00:00 |a crobeson | ||
| 260 | |a Buenos Aires |b Escuela |c 1964 | ||
| 650 | 0 | |a Dinámica de grupos |9 259862 | |
| 650 | 0 | |a Interacción social |9 307764 | |
| 650 | 0 | |a Dinámica social |9 334923 | |
| 650 | 7 | |a COMPORTAMIENTO DE GRUPO |2 CL-VaPUC |9 335588 | |
| 583 | |a last modification |c 20130317 01:27:09 |k Rodrigo Vera | ||
| 999 | |c 271593 |d 271591 | ||
| 952 | |0 0 |1 0 |4 0 |6 302_300000000000000_THE_1964 |7 0 |8 A |9 306288 |a BIBGIM |b BIBGIM |d 2019-11-20 |i 1427342 |o 302.3 THE 1964 |p 1427342 |r 2025-01-15 |w 2019-11-20 |y BK |k SSL | ||